| 000 | | | 05574cbm0a2200349#x 450 |
| 001 | | | 0ca58eeb-d179-48aa-98db-86e6a73b7aa8 |
| 005 | | | 20240819140529.0 |
| 100 | ## | $a | 20240813j19430114k###0rusy50 ca |
| 101 | 0# | $a | rus |
| 102 | ## | $a | RU |
| 105 | ## | $a | y###z######## |
| 122 | 0# | $a | d19430114## |
| 200 | 1# | $a | Постановление ГКО СССР № 2743 с о мерах обеспечения нормальной работы электростанций Казэнерго, с приложением докладной записки Гафарова А. С. Маленкову Г. М. |
| | $j | 14 января 1943 г. |
| 251 | ## | $c | Документ |
| 300 | ## | $a | Рассылочный и подлинный экземпляры |
| 461 | #0 | $1 | 2001 |
| | $a | Ф. 644 |
| | $1 | 251 |
| | $c | Фонд |
| | $1 | 852 |
| | $j | 644 |
| 462 | #0 | $1 | 2001 |
| | $a | Оп. 1 |
| | $1 | 251 |
| | $c | Опись |
| | $1 | 852 |
| | $j | 1 |
| 601 | 01 | $2 | nlr_sh |
| | $3 | RU\NLR\AUTH\661357733 |
| | $a | СССР |
| | $b | Государственный Комитет Обороны |
| | $x | История |
| | $j | Документы и материалы |
| 605 | ## | $2 | prlib_sh |
| | $3 | LIBNET\UAF\0000088514 |
| | $a | Вторая мировая война в архивных документах (Комплекс оцифрованных архивных документов, кино- и фотоматериалов) |
| | $l | коллекция |
| 605 | ## | $2 | acquisition_Prlib |
| | $3 | DITM\AF\0000002775 |
| | $a | Власть |
| | $l | коллекция |
| 606 | 1# | $2 | prlib_sh |
| | $3 | LIBNET\UAF\0000111015 |
| | $a | Военная промышленность |
| | $x | История |
| | $y | СССР |
| | $z | 1941 - 1945 |
| | $j | Документы и материалы |
| 606 | 1# | $2 | nlr_sh |
| | $3 | RU\NLR\AUTH\661581332 |
| | $a | Великая Отечественная война |
| | $z | 1941 - 1945 |
| | $x | Тыл(воен.) |
| | $y | Татарская АССР |
| | $j | Документы и материалы |
| 606 | 1# | $a | Электроснабжение |
| | $y | Казань, город (Татария) |
| | $z | 1941 - 1945 |
| | $j | Документы и материалы |
| | $2 | nlr_sh |
| 686 | ## | $a | 63.3(2)622-3ю11 |
| | $v | LBC/M |
| | $2 | rubbk |
| 686 | ## | $a | 63.3(2)622,12ю1 |
| | $2 | rubbk |
| | $v | LBC/M |
| 686 | ## | $a | 65.305.04ю1 |
| | $v | LBC/M |
| | $2 | rubbk |
| 686 | ## | $a | 68.72ю1 |
| | $v | LBC/M |
| | $2 | rubbk |
| 801 | #0 | $a | RU |
| | $b | ПБ им. Б.Н. Ельцина |
| | $c | 20240813 |
| 801 | #1 | $a | RU |
| | $b | ПБ им. Б.Н. Ельцина |
| | $c | 20240813 |
| | $2 | rusmarc |
| 801 | #2 | $a | RU |
| | $b | ПБ им. Б.Н. Ельцина |
| | $c | 20240819 |
| | $2 | rusmarc |
| 850 | ## | $a | Российский государственный архив социально-политической истории |
| 852 | ## | $a | РГАСПИ |
| | $j | Д. 82. Л. 78-79; Оп. 2. Д. 126. Л. 122-126 |
| 035 | ## | $a | LIBNET\0001416247 |
| 937 | ## | $d | 193520929 |
| | $h | Федеральное архивное агентство |
| 856 | 4# | $u | http://readingroom.main.prlib.ru/item.aspx?id_node=n193520929&mode=full |